000 00646nam a2200193Ia 4500
003 GCL
008 140319s9999 xx 000 0 ara d
040 _aGCL /
_cGCL
082 0 4 _a502
_bع أ
100 1 _aعبداللطيف ابوالسعود
245 1 0 _aالوان من الطاقة /
_cعبداللطيف ابوالسعود
260 _aالقاهرة :
_bالهيئة المصرية العامة للكتاب ،
_c1992
300 _a166 ص ؛
_c19 سم
490 _aسلسلة العلم والحياة
_v0
650 0 4 _aالطاقة
650 0 4 _aمصادر الطاقة
650 0 4 _aالطاقة - اشكال
942 _2ddc
_cBK
999 _c28023
_d28023